Challenging the political order: new social and political movements in western democracies
| Contributors: | |
|---|---|
| Format: | Print Book |
| Language: | English |
| Published: |
Cambridge
Polity Press
1990
|
| In: | Year: 1990 |
| Edition: | 1. publ. |
| Online Access: |
Table of Contents Table of Contents |
| Availability in Tübingen: | Present in Tübingen. UB: KB 18 A 8250 |
| Check availability: | HBZ Gateway |
| Subito Delivery Service: | Order now. |
| Keywords: |
MARC
| LEADER | 00000cam a2200000 c 4500 | ||
|---|---|---|---|
| 001 | 275431959 | ||
| 003 | DE-627 | ||
| 005 | 20260206195736.0 | ||
| 007 | tu | ||
| 008 | 900620s1990 xxk||||| 00| ||eng c | ||
| 016 | 7 | |a b9001513 |2 UK | |
| 020 | |a 0745607497 |9 0-7456-0749-7 | ||
| 020 | |a 0745607500 |9 0-7456-0750-0 | ||
| 035 | |a (DE-627)275431959 | ||
| 035 | |a (DE-603)013608193 | ||
| 035 | |a (DE-576)020760027 | ||
| 035 | |a (DE-599)GBV275431959 | ||
| 035 | |a (OCoLC)243439361 | ||
| 035 | |a (OCoLC)243439361 | ||
| 035 | |a (OCoLC)20523803 | ||
| 040 | |a DE-627 |b ger |c DE-627 |e rakwb | ||
| 041 | |a eng | ||
| 044 | |c XA-GB | ||
| 082 | 0 | |a 322.43 |2 DDC20oclc | |
| 084 | |a MF 3300 |2 rvk |0 (DE-625)rvk/122700: | ||
| 084 | |a MD 6400 |2 rvk |0 (DE-625)rvk/122533: | ||
| 084 | |a MD 6500 |2 rvk |0 (DE-625)rvk/122534: | ||
| 084 | |a ME 3370 |2 rvk |0 (DE-625)rvk/122599: | ||
| 245 | 0 | 0 | |a Challenging the political order |b new social and political movements in western democracies |c ed. by Russell J. Dalton ... |
| 250 | |a 1. publ. | ||
| 264 | 1 | |a Cambridge |b Polity Press |c 1990 | |
| 300 | |a XII, 329 S. |b graph. Darst. | ||
| 336 | |a Text |b txt |2 rdacontent | ||
| 337 | |a ohne Hilfsmittel zu benutzen |b n |2 rdamedia | ||
| 338 | |a Band |b nc |2 rdacarrier | ||
| 490 | 0 | |a Europe and the international order | |
| 500 | |a Literaturverz. S. 301 - 324 | ||
| 505 | 8 | |a Enth. 14 Beitr. - Literaturverz. S. 301 - 324 | |
| 583 | 1 | |a Archivierung prüfen |c 20240324 |f DE-4165 |z 1 |2 pdager | |
| 650 | 7 | |8 1.1\x |a Ideologie |0 (DE-627)091366585 |0 (DE-2867)16405-1 |2 stw | |
| 650 | 7 | |8 1.2\x |a Sozialwissenschaft |0 (DE-627)091390621 |0 (DE-2867)16563-4 |2 stw | |
| 650 | 7 | |8 1.3\x |a Westliche Staaten |0 (DE-627)091400570 |0 (DE-2867)17999-4 |2 stw | |
| 650 | 0 | 7 | |0 (DE-588)4055707-8 |0 (DE-627)10446674X |0 (DE-576)209115076 |a Soziale Bewegung |2 gnd |
| 650 | 0 | 7 | |0 (DE-588)4011413-2 |0 (DE-627)106352873 |0 (DE-576)208893415 |a Demokratie |2 gnd |
| 650 | 0 | 7 | |0 (DE-588)4229761-8 |0 (DE-627)10494563X |0 (DE-576)210341874 |a Politische Bewegung |2 gnd |
| 650 | 4 | |a Soziale Bewegungen | |
| 650 | 4 | |a Politische Soziologie | |
| 650 | 4 | |a Industrielle Gesellschaft | |
| 650 | 4 | |a Sozialer Wandel | |
| 650 | 4 | |a Soziale Klasse | |
| 650 | 4 | |a Mittelschicht | |
| 650 | 4 | |a Politisches Verhalten | |
| 650 | 4 | |a Soziale Werte | |
| 650 | 4 | |a Kulturkritik | |
| 650 | 4 | |a Ideologie | |
| 650 | 4 | |a Soziale Mobilität | |
| 650 | 4 | |a Pazifismus | |
| 650 | 4 | |a Politische Theorie | |
| 650 | 4 | |a Netzwerk (sozial) | |
| 650 | 4 | |a Sozialgeschichte | |
| 650 | 4 | |a Frauenbewegung | |
| 650 | 4 | |a Partei | |
| 651 | 7 | |0 (DE-588)4079215-8 |0 (DE-627)106075209 |0 (DE-576)209211490 |a Westeuropa |2 gnd | |
| 651 | 7 | |0 (DE-588)4079237-7 |0 (DE-627)104197226 |0 (DE-576)209211644 |a Westliche Welt |2 gnd | |
| 651 | 7 | |a Europa |2 gnd | |
| 651 | 7 | |a Niederlande |2 gnd | |
| 651 | 7 | |a Italien |2 gnd | |
| 655 | 7 | |a Aufsatzsammlung |0 (DE-588)4143413-4 |0 (DE-627)105605727 |0 (DE-576)209726091 |2 gnd-content | |
| 700 | 1 | |a Dalton, Russell J. |d 1948- |e Hrsg. |0 (DE-588)13567767X |0 (DE-627)569721105 |0 (DE-576)160668328 |4 edt | |
| 856 | 4 | 2 | |u http://www.gbv.de/dms/hbz/toc/ht003639367.pdf |m V:DE-605 |q pdf/application |v 2008-11-15 |x Verlag |y Inhaltsverzeichnis |3 Inhaltsverzeichnis |7 1 |
| 856 | 4 | 2 | |u http://scans.hebis.de/HEBCGI/show.pl?01360819_toc.pdf |m V:DE-605 |q application/pdf |3 Inhaltsverzeichnis |7 1 |
| 889 | |w (DE-627)256285381 | ||
| 935 | |i mdedup | ||
| 935 | |i Blocktest | ||
| 936 | r | v | |a MF 3300 |b Allgemeines |k Politologie |k Politische Systeme: einzelne Elemente |k Parteien und politische Bewegungen |k Internationale Darstellungen umgreifender Art, Parteityp |k Allgemeines |0 (DE-627)1271428962 |0 (DE-625)rvk/122700: |0 (DE-576)201428962 |
| 936 | r | v | |a MD 6400 |b Ideologie, Utopie |k Politologie |k Politische Theorie, Grundbegriffe des Politischen |k Politisches Verhalten, politische Psychologie |k Ideologie, Utopie |0 (DE-627)1271425769 |0 (DE-625)rvk/122533: |0 (DE-576)201425769 |
| 936 | r | v | |a MD 6500 |b Politische Beteiligung, Bürgerinitiativen usw. |k Politologie |k Politische Theorie, Grundbegriffe des Politischen |k Politisches Verhalten, politische Psychologie |k Politische Beteiligung, Bürgerinitiativen usw. |0 (DE-627)1271425777 |0 (DE-625)rvk/122534: |0 (DE-576)201425777 |
| 936 | r | v | |a ME 3370 |b Demokratisierung |k Politologie |k Politische Systeme: Allgemeines und Vergleich |k Demokratie, westliches politisches System |k Demokratisierung |0 (DE-627)127092172X |0 (DE-625)rvk/122599: |0 (DE-576)20092172X |
| 936 | s | n | |a m100 |2 mzub |
| 951 | |a BO | ||
| ELC | |b 1 | ||
| LOK | |0 000 xxxxxcx a22 zn 4500 | ||
| LOK | |0 001 3339718806 | ||
| LOK | |0 003 DE-627 | ||
| LOK | |0 004 275431959 | ||
| LOK | |0 005 20151019131439 | ||
| LOK | |0 008 910725||||||||||||||||ger||||||| | ||
| LOK | |0 040 |a DE-21 |c DE-627 |d DE-21 | ||
| LOK | |0 852 |a DE-21 | ||
| LOK | |0 852 1 |c KB 18 A 8250 |9 00 | ||
| LOK | |0 935 |a krim | ||
| LOK | |0 939 |a 25-07-91 |b l01 | ||
| ORI | |a SA-MARC-krimdoka001.raw | ||
| SIG | |a UB: KB 18 A 8250 | ||
